Ariadne : (Record no. 80648)
[ view plain ]
| 000 -LEADER | |
|---|---|
| fixed length control field | 00603nam a2200229 a 4500 |
| 001 - CONTROL NUMBER | |
| control field | 80648 |
| 003 - CONTROL NUMBER IDENTIFIER | |
| rucl marc code | BD-RjUL |
| 005 - DATE AND TIME OF LATEST TRANSACTION | |
| control field | 20221030103011.0 |
| 008 - FIXED-LENGTH DATA ELEMENTS--GENERAL INFORMATION | |
| fixed length control field | 221030s1892 enk 000 0 eng d |
| 035 ## - SYSTEM CONTROL NUMBER | |
| System control number | (BD-RjUL)80648 |
| 040 ## - CATALOGING SOURCE | |
| Original cataloging agency | HAI |
| Language of cataloging | eng |
| Transcribing agency | BD-RjUL |
| 041 0# - LANGUAGE CODE | |
| Language code of text/sound track or separate title | eng |
| 082 ## - DEWEY DECIMAL CLASSIFICATION NUMBER | |
| Edition number | 23 |
| Classification number | 823 |
| Author mark and year | OUA 1892 |
| 100 0# - MAIN ENTRY--PERSONAL NAME | |
| Personal name | Ouida, |
| Dates associated with a name | 1839-1908 |
| 9 (RLIN) | 5546 |
| 245 10 - TITLE STATEMENT | |
| Title | Ariadne : |
| Remainder of title | the story of a dream / |
| Statement of responsibility, etc. | by Ouida |
| 260 ## - PUBLICATION, DISTRIBUTION, ETC. (IMPRINT) | |
| Place of publication, distribution, etc. | London : |
| Name of publisher, distributor, etc. | Chatto & Windus, |
| Date of publication, distribution, etc. | 1892 |
| 300 ## - PHYSICAL DESCRIPTION | |
| Pagination | 360 p. ; |
| Size | 22 cm. |
| 500 ## - GENERAL NOTE | |
| General note | Photocopy. |
| 650 ## - SUBJECT ADDED ENTRY--TOPICAL TERM | |
| Topical term or geographic name as entry element | English Short stories |
| 9 (RLIN) | 5547 |
| Topical term or geographic name as entry element | English fiction |
| 942 ## - ADDED ENTRY ELEMENTS (KOHA) | |
| Source of classification or shelving scheme | Dewey Decimal Classification |
| Koha item type | Books |
| Lost status | Source of classification or shelving scheme | Damaged status | Not for loan | Collection code | Permanent Location | Current Location | Shelving location | Date acquired | Source of acquisition | Total Checkouts | Full call number | Date last seen | Copy number | Koha item type |
|---|---|---|---|---|---|---|---|---|---|---|---|---|---|---|
| Dewey Decimal Classification | Not For Loan | Fiction | Central Library, University of Rajshahi | Central Library, University of Rajshahi | Reading Room | 14/01/1963 | A. H. Qureshi | 823 OUA 1892 | 30/10/2022 | C-1 | Books |